000 00282 a2200145 4500
001 116134
041 _apor
090 _aNursery A/D
245 1 0 _aTV Samsung 8
250 _a. ed.
260 _c2016
300 _aMarca Samsung
040 _aBR-BrIDEA
_cBR-BrIDEA
942 _cDE
999 _c116134
_d116134